| 000 | 01017cam a2200289 i 4500 | ||
|---|---|---|---|
| 001 | 3680696 | ||
| 005 | 20220715091459.0 | ||
| 008 | 771209s1975 pk ab 100 0 eng | ||
| 010 | _a 77930050 | ||
| 020 | _cRs60.00 | ||
| 040 |
_aDLC _cDLC _dDLC |
||
| 043 |
_aa-pk--- _aa-ii--- |
||
| 050 | 0 | 0 |
_aDS392.2.M6 _bI57 1973 |
| 082 | 0 | 0 |
_a934 _bINT |
| 111 | 2 |
_aInternational Symposium on Moenjodaro, _cMohenjo-Daro, _d1973. _993585 |
|
| 245 | 1 | 0 |
_aProceedings of International Symposium on Moenjodaro, 1973 / _cedited by Ahmad Nabi Khan. |
| 250 | _a1st ed. | ||
| 260 |
_aKarachi : _bNational Book Foundation, _c1975. |
||
| 300 |
_a187 p. : _bill. (part. col.), maps ; _c29 cm. |
||
| 650 | 0 |
_aExcavations (Archaeology) _zPakistan. _993586 |
|
| 650 | 0 |
_aIndus civilization _xCongresses. _993587 |
|
| 651 | 0 |
_aMohenjo-Daro Site (Pakistan) _xCongresses. _993588 |
|
| 651 | 0 |
_aPakistan _xAntiquities. _91751 |
|
| 700 | 1 |
_aKhan, Ahmad Nabi. _945700 |
|
| 906 |
_a7 _bcbc _corignew _d4 _encip _f19 _gy-gencatlg |
||
| 942 |
_2ddc _cBK |
||
| 999 |
_c590309 _d590309 |
||